000 01394cas a2200385 4500
008 751230d19742010ja br p 0 0eng
010 _a 75644034
022 0 _a0388-0435
040 _aDLC
_beng
_cDLC
_dOCoLC
_dNST
_dNSDP
_dNST
_dOCoLC
_dNST
_dInU
_dNST
_dMH
_dInU
_dMH
_dOrPS
_dCLU
_dDLC
_dNLGGC
_dCaQMU
_dOCoLC
_dGU
_dWaSeSS
_dBLBSF
_dOrPS
_dDLC
_dUKMGB
_dOCLCO
_dNcD
043 _aa-ja---
050 0 0 _aDS801
_b.J256
082 4 _a952.005
092 0 4 _a952.005
_bJ356
_221
099 _a04
_a952.005 J356
245 0 0 _aJapan echo
260 _a[Tokyo]
_bJapan Echo Inc.,
_c-2010.
300 _a37 v.
_c27 cm.
310 _aBimonthly,
_b<2000>-2010
321 _aQuarterly,
_b1974-
362 0 _av. 1-37; 1974-2010.
515 _aSome v. include special issues.
530 _aSelected issues and articles also available online via the World Wide Web.
555 _aVols. 1-23, no. 1, 1974-spring 1996. 1 v.
650 1 4 _aJapنao.
650 1 7 _aPolitieke aspecten.
_2gtt
650 1 7 _aSociaal-economische aspecten.
_2gtt
651 0 _aJapan
_vPeriodicals.
651 6 _aJapon
_vPâeriodiques.
776 0 8 _iOnline version:
_tJapan echo
_w(OCoLC)615598205
785 0 0 _tJapan echo Web print digest
_w(DLC) 2011211961
_w(OCoLC)664143155
905 _aJamal
_eCat.
905 _eRev.
942 _2ddc
_cBK
999 _c130594
_d130594